Инверсионная вольтамперометрия бериллия и его совместное определение с щелочными металлами в высокочистых веществах и природных объектах: автореферат диссертации на соискание ученой степени кандидата химических наук; спец. 02.00.02

Dettagli Bibliografici
Autore principale: Губина Н. Г. Надежда Германовна
Ente Autore: Томский политехнический университет (ТПУ) Кафедра аналитической химии и технологии электрохимических призводств
Altri autori: Карбаинов Ю. А. Юрий Александрович (научный руководитель)
Riassunto:Защита сост. 25.01.1992 г.
Lingua:russo
Pubblicazione: Томск, [Б. и.], 1992
Soggetti:
Natura: MixedMaterials Libro
KOHA link:https://koha.lib.tpu.ru/cgi-bin/koha/opac-detail.pl?biblionumber=336333

MARC

LEADER 00000nam0a2200000 4500
001 336333
005 20231102004838.0
035 |a (RuTPU)RU\TPU\book\362749 
090 |a 336333 
100 |a 20171012d1992 k y0rusy50 ca 
101 0 |a rus 
102 |a RU 
105 |a a dm 001zy 
200 1 |a Инверсионная вольтамперометрия бериллия и его совместное определение с щелочными металлами в высокочистых веществах и природных объектах  |e автореферат диссертации на соискание ученой степени кандидата химических наук  |e спец. 02.00.02  |f Н. Г. Губина  |g Томский политехнический университет (ТПУ), Кафедра аналитической химии и технологии электрохимических призводств ; науч. рук. Ю. А. Карбаинов 
210 |a Томск  |c [Б. и.]  |d 1992 
215 |a 24 с.  |c ил. 
300 |a Защита сост. 25.01.1992 г. 
320 |a Библиогр.: с. 22-24 (13 назв.) 
606 1 |a Бериллий  |x Химический анализ  |2 stltpush  |3 (RuTPU)RU\TPU\subj\28260  |9 51809 
606 1 |a Вольтамперометрия инверсионная  |2 stltpush  |3 (RuTPU)RU\TPU\subj\72717  |9 86121 
610 1 |a аналитическая химия 
610 1 |a электрохимическое поведение 
610 1 |a ртутно-пленочные электроды 
610 1 |a амальгамы 
610 1 |a электроокисление 
610 1 |a щелочные металлы 
610 1 |a авторефераты диссертаций 
610 1 |a библиотека А. Г. Стромберга 
675 |a 543.552(04)  |v 4 
675 |a 546.45(04)  |v 4 
686 |a 02.00.02  |2 oksvnk 
700 1 |a Губина  |b Н. Г.  |g Надежда Германовна 
702 1 |a Карбаинов  |b Ю. А.  |c российский электрохимик и электроаналитик  |c профессор Томского политехнического университета  |f 1940-2007  |g Юрий Александрович  |2 stltpush  |3 (RuTPU)RU\TPU\pers\15852  |4 727 
712 0 2 |a Томский политехнический университет (ТПУ)  |b Кафедра аналитической химии и технологии электрохимических призводств  |c (1991-2009)  |2 stltpush  |3 (RuTPU)RU\TPU\col\376 
801 1 |a RU  |b 63413507  |c 20171012 
801 2 |a RU  |b 63413507  |c 20180202  |g RCR 
942 |c BK